000
00248nam a2200109Ia 4500
008
190216s9999||||xx |||||||||||||| ||und||
100
_a
Raman B S
245
0
_a
Marketing And Salesmanship
260
_b
United Pub
_c
1997
300
_a
559p
942
_c
BK
999
_c
6096
_d
6096